Biến động Tiểu thuyết lịch sử

Spremljeno u:
Bibliografski detalji
Glavni autor: Thái Vũ (Tác giả)
Format: Knjiga
Jezik:Vietnamese
Izdano: Huế Thuận Hóa 1984
Teme:
Oznake: Dodaj oznaku
Bez oznaka, Budi prvi tko označuje ovaj zapis!
Thư viện lưu trữ: Mạng thư viện Đại học Đà Nẵng
LEADER 00984nam a2200313 4500
001 000010002
003 6201
005 20111107091157.0
008 111107s1984 viesd
020 |c 45đ 
041 0 |a vie 
082 |a 895.9223  |b TH-V 
100 0 |a Thái Vũ 
245 0 |a Biến động  |b Tiểu thuyết lịch sử  |c Thái Vũ 
260 |a Huế  |b Thuận Hóa  |c 1984 
300 |a 444tr  |c 19 cm 
653 |a tiểu thuyết lịch sử 
653 |a văn học 
700 |a Thái Vũ  |e Tác giả 
OWN |a LSP 
AVA |a UDN50  |b LSP  |d 895.9223 TH-V  |e unavailable  |t Error 5002 Not defined in file expand_doc_bib_avail.  |f 1  |g 1  |h N  |i 0  |k 1 
999 |a From the UDN01 
AVA |a UDN50  |b LSP  |d 895.9223 TH-V  |e unavailable  |t Error 5002 Not defined in file expand_doc_bib_avail.  |f 1  |g 1  |h N  |i 0  |k 1 
TYP |a Monograph 
TYP |a Printed language 
980 |a Mạng thư viện Đại học Đà Nẵng